Маршал Жуков (Запис номер 196319)
[ съкратено ]
| 000 -Лидер | |
|---|---|
| Контролно поле с фиксирана дължина | 01174nam a2200289 c 4500 |
| 003 - Код на организацията, давaща контролен номер | |
| Контролно поле | BLK |
| 005 - Дата и час на последна редакция | |
| Контролно поле | 20210909142921.0 |
| 008 - Елементи от данни с фиксирана дължина | |
| fixed length control field | 180411b bul|||||r ||||||| ||bul|| |
| 010 ## - Наследен системен номер | |
| LC control number | KNG00205591000 |
| 040 ## - Източник на каталожния запис | |
| Идентификатор на билиотеката - собственик на записа | BLK |
| 041 ## - Код за език | |
| Код за езика на текст/звукозапис или на отделно заглавие | Български |
| Код за езика КДБФ | Български |
| 080 ## - УДК | |
| Текстов определител УДК | Военна история - Военни походи, битки, героични подвизи. Вж и 93/99 |
| УДК код - определител по УДК | 355.48 |
| УДК определител | (47+57)(092) |
| УДК - код + определител | 355.48(47+57)(092) |
| 080 ## - УДК | |
| Текстов определител УДК | Биографии |
| УДК код - определител по УДК | 929 |
| УДК определител | |
| УДК - код + определител | 929 |
| 100 1# - Редна дума - Автор | |
| Автор | Яковлев, Николай Николаевич |
| Авторска отговорност | първи автор |
| R(LIN) | 333523 |
| 139 ## - Редно поле | |
| Редна дума | Яковлев, Николай Н. |
| Авторски знак | Жуко - Ж 81 |
| 245 10 - Сведения за заглавието | |
| Заглавие | Маршал Жуков |
| Подзаглавни данни | Биогр. очерк |
| Редно поле (дума) | Николай Николаевич Яковлев; прев. от рус. Росица Григорова. |
| 257 ## - Страна на издаване | |
| Страна на създаване/издаване | България |
| 260 ## - Област на издателските данни | |
| -- | София |
| Име на издателя, разпространителя и проч. | Партиздат |
| Година на издаване | 1987 |
| 300 ## - Физическа характеристика | |
| Страници | 280 с. |
| Размери/Мащаб | 20 см |
| 380 ## - Жанр | |
| Жанр | Обществени науки |
| 700 1# - Други автори (авторска отговорност) | |
| Лично име | Григорова, Росица |
| Автороска отговорност (Описва отношението между автора и произведението) | прев. от рус. |
| 9 (RLIN) | 372626 |
| 852 ## - Местоположение | |
| Форматна сигнатура | Цб 151329 |
| 856 4# - Електронен адрес и достъп | |
| Електронен формат | pdf - файл |
| Път до файла /url/ | |
| 856 4# - Електронен адрес и достъп | |
| Електронен формат | pdf - файл |
| Път до файла /url/ | |
| 942 ## - АРТИКУЛИ | |
| Вид на библиотечния материал | Книги |
| Скрит в OPAC | Не |
| Koha issues (borrowed), all copies | 7 |
| 944 ## - СЪЗДАВАНЕ И РЕДАКЦИЯ на ЗАПИСА | |
| Създаване/Редакция | Създаване |
| Дата на регистрацията/редакция | 07.02.2018 |
| Служител, извършил регистрацията/редакцията | Христина_Везирева |
| 944 ## - СЪЗДАВАНЕ И РЕДАКЦИЯ на ЗАПИСА | |
| Създаване/Редакция | Редакция |
| Дата на регистрацията/редакция | 07.02.2018 |
| Служител, извършил регистрацията/редакцията | Христина_Везирева |
| 999 ## - СИСТЕМНИ КОНТРОЛНИ НОМЕРА | |
| Koha biblionumber | 196319 |
| Koha biblioitemnumber | 196319 |
| Код за отписване | Код за изгубен артикул | Източник на класификационната схема | Код за повреда | Коз за рестрикции | Код за отдаване | Артикулен № | Име на библиотеката - собственик | Име на библиотеката, в която се намира в момента | Статус (Текущо местоположение) | Дата на вписване в системата | Местоположение - отдел | Цена в лева | Инвентарен номер | Систематично азбучна сигнатура | Баркод | Номер на екземпляра | Цена в евро | Служебна бележка | Служебен тип на артикула |
|---|---|---|---|---|---|---|---|---|---|---|---|---|---|---|---|---|---|---|---|
| Не е изгубен | Universal Decimal Classification | Не е повреден | без рестрикции | ползва се в читалня | 342387 | Регионална библиотека "Любен Каравелов" Русе | Регионална библиотека "Любен Каравелов" Русе | Хранилище | 1987-01-01 | Хранилище | 1.32 | 488939 | Цб 151329 | 120000488939 | 1 | 0.67 | Дост: Dp Вид: Сф N: стар фонд Дата: 01.01.1987 | Книги | |
| Изтеглен | Не е изгубен | Не е повреден | без рестрикции | заемане за дома | 342388 | Регионална библиотека "Любен Каравелов" Русе | Регионална библиотека "Любен Каравелов" Русе | Заемна - подръчен фонд | 1987-01-01 | Заемна - подръчен фонд | 1.32 | 491625 | П 355.48/Ж 81 | 491625 | 2 | 0.67 | Дост: Pk Вид: Сф N: стар фонд Дата: 01.01.1987 Дата инв: 08.02.2018 Бележки инв: П2018 | Книги | |
| Изтеглен | Не е изгубен | Не е повреден | без рестрикции | заемане за дома | 342389 | Регионална библиотека "Любен Каравелов" Русе | Регионална библиотека "Любен Каравелов" Русе | Заемна - подръчен фонд | 1987-01-01 | Заемна - подръчен фонд | 1.32 | 491626 | П 355.48/Ж 81 | 491626 | 3 | 0.67 | Дост: Pk Вид: Сф N: стар фонд Дата: 01.01.1987 Дата инв: 08.02.2018 Бележки инв: П2018 | Книги |